000 00446cam a2200169ua 4500
001 5033
008 120229n ii |||gr||||Z||||||eng
040 _cMAIN
082 _a823
100 _aMundra, J. N.,
_eAuthor.,
245 1 1 _aTwentieth century novel :
_bin question & answers /
_cby J. N. Mundra .
250 _a2nd.
260 _aBareily:
_bPrakash book depot,
_c1965.
300 _a201p:
_c23cm.
653 _aEnglish fiction
942 _cBK
999 _c4217
_d4217